000 00699nam a2200229Ia 4500
003 OSt
005 20220923212326.0
006 a|||||r|||| 00| 0
007 ta
008 220922b |||||||| |||| 00| 0 hin d
024 _a152,270
037 _cTextual
040 _aARTS
_cARTS
_bhin
041 _2hin
_ahin
082 _aN16, 152K5
100 _aरायचौधरी, डी0
_9162380
245 0 _aसंग्रहालय अनुशीलन, रमेश वर्मा अनु
246 _aSangrahālaya anushīlana, ramesh varmā anu0
260 _c1965
942 _hN16, 152K5
_cTEXL
_2CC
999 _c307919
_d307919